000 00671nas a2200217 4500
001 BR9200449
003 BR-BrBNA
005 20231205092246.0
007 ta
008 230509b bl.|||p| |||| 00| 00por d
040 _aBR-BrBNA
_bpor
_cBiblioteca Nacional de Agricultura
041 _a(Pt)
072 _aE10
100 1 _aPastore, A.C.
245 1 _aA inflacao brasileira: algumas licoes da politica economica
650 _aPOLITICA ECONOMICA
650 _aINFLACAO
773 0 _tRevista de Economia e Sociologia Rural (Brazil)
_xISSN 0103-2003
_g(Jul-Sep 1989), v. 27(3) p. 235-250
_wBR9200449
909 _a202311
_bLúcia
_c55
_dLúcia Elande
942 _2AGRIS
_n0
_cANA
999 _c130477
_d130477